00283nam a2200085Ia 4500008004100000082001500041100003300056245009300089260001500182230320s9999||||xx |||||||||||||| ||spa|| aTMG/2018/6 aFlores Daorta, Karen Vanessa 0aInteligencia Emocional Y Desempeño Docente En Las Instituciones Educativas Fap De Lima bLima, 2018